| 000 | 00909nam a2200253Ia 4500 | ||
|---|---|---|---|
| 003 | OSt | ||
| 005 | 20221005104203.0 | ||
| 006 | a|||||r|||| 00| 0 | ||
| 007 | ta | ||
| 008 | 221004b |||||||| |||| 00| 0 hin d | ||
| 024 | _a108624 | ||
| 037 | _cTextual | ||
| 040 |
_aCRL _cCRL _bhin |
||
| 041 |
_2hin _ahin |
||
| 082 | _aO152,1N13:g, K7 | ||
| 100 | _aशर्मा, लक्ष्मीनारायण | ||
| 245 | 0 | _aनरेन्द्र शर्मा और उनका काव्य | |
| 246 | _aNarendra sharmā aur unakā kāvya | ||
| 260 |
_aदिल्ली _bनेशनल पब्लिशिंग हाऊस भारत _c1967 |
||
| 300 |
_a140पृ0 _ccm. |
||
| 650 | _aहिन्दी साहित्य | ||
| 942 |
_hO152,1N13:g, K7 _cTEXL _2cc |
||
| 999 |
_c1011977 _d1011977 |
||